| 000 | 00584nam a2200205 a 4500 | ||
|---|---|---|---|
| 005 | 20240823063726.0 | ||
| 008 | 060920s1983 000 eng d | ||
| 020 | _a0306410559 | ||
| 035 | _aUPN01000148818 | ||
| 049 | _aCG | ||
| 050 | 4 |
_aBF575 A3 _bH6.7 |
|
| 245 | 0 | 0 |
_aHormones and aggressive behavior / _ced. Bruce B. Svare. |
| 260 |
_aNew York : _bPlenum Press, _c1983. |
||
| 300 |
_a595 p. : _bil. |
||
| 650 | 4 |
_aAgresividad (PsicologĂa) _92250 |
|
| 650 | 4 | _aHORMONAS | |
| 650 | 4 |
_aPsicologĂa comparada _99042 |
|
| 700 | 1 |
_aSvare, Bruce B., _d1949- , _eed. |
|
| 905 | _aLibro | ||
| 999 |
_c120959 _d120959 |
||